|
|
|
|
| LEADER |
00000nas a2200000 a 4500 |
| 001 |
ssj0004363 |
| 003 |
WaSeSS |
| 005 |
20200512172242.0 |
| 006 |
m d |
| 007 |
cr n |
| 008 |
980203d19982003ohumr p s 0 a0eng c |
| 010 |
|
|
|a 98660750
|z sn 98001830
|
| 015 |
|
|
|a 019896352
|2 dnb
|
| 016 |
7 |
|
|a 1496955-5
|2 DE-600
|
| 016 |
7 |
|
|a 100937340
|2 DNLM
|
| 022 |
|
|
|a 1542-7765
|l 1097-8291
|y 1097-8291
|
| 032 |
|
|
|a 014358
|b USPS
|
| 035 |
|
|
|a (WaSeSS)ssj0004363
|
| 037 |
|
|
|b Mecklermedia Corp., 20 Ketchum St., Westport, CT 06880
|
| 040 |
|
|
|a NSD
|b eng
|c NSD
|d NYP
|d HUL
|d NSD
|d UPZ
|d DLC
|d NSD
|d DLC
|d NSD
|d NLM
|d EBZ
|d HUL
|d CUS
|d OCLCQ
|d GBVCP
|d OCLCF
|d OCLCO
|d OCLCQ
|d OCLCO
|d WaSeSS
|
| 042 |
|
|
|a pcc
|a nsdp
|
| 050 |
0 |
0 |
|a TK5105.888
|b .W379
|
| 082 |
0 |
0 |
|a 004.67/8
|2 21
|
| 130 |
0 |
|
|a Internet world (Westport, Conn. : 1998)
|
| 210 |
0 |
|
|a Internet world (Westport Conn., 1998)
|
| 222 |
|
0 |
|a Internet world (Westport, Conn. 1998)
|
| 245 |
1 |
0 |
|a Internet world
|h [electronic resource].
|
| 260 |
|
|
|a Westport, CT :
|b Mecklermedia,
|c 1998-©2003.
|
| 310 |
|
|
|a Monthly,
|b Oct. 1, 2001-
|
| 321 |
|
|
|a Weekly (except Jan. 26, May 25, June 22, July 6, July 20, Aug. 3, Aug. 17, Nov. 23, Nov. 30, and Dec. 28),
|b Feb. 2, 1998-<June 28, 1999>
|
| 321 |
|
|
|a Semimonthly,
|b July 15, 1999-Sept. 15, 2001
|
| 362 |
0 |
|
|a Vol. 4, issue 4 (Feb. 2, 1998)-v. 9, issue 6 (June 2003).
|
| 500 |
|
|
|a "The voice of E-business and Internet technology."
|
| 500 |
|
|
|a Title from caption.
|
| 500 |
|
|
|a Published: Cleveland, OH : Penton Media, Dec. 1998-2003.
|
| 506 |
|
|
|a License restrictions may limit access.
|
| 650 |
|
0 |
|a World Wide Web
|v Periodicals.
|
| 650 |
|
0 |
|a Electronic commerce
|v Periodicals.
|
| 650 |
|
0 |
|a Telecommunication equipment industry
|v Periodicals.
|
| 650 |
|
0 |
|a Internet
|v Periodicals.
|
| 650 |
|
0 |
|a Computer networks
|v Periodicals.
|
| 650 |
|
0 |
|a Information networks
|v Periodicals.
|
| 650 |
|
0 |
|a Internet industry
|v Periodicals.
|
| 650 |
|
2 |
|a Computer Systems.
|
| 650 |
|
2 |
|a Online Systems.
|
| 650 |
|
7 |
|a Computer networks.
|2 fast
|0 (OCoLC)fst00872297
|
| 650 |
|
7 |
|a Electronic commerce.
|2 fast
|0 (OCoLC)fst00906906
|
| 650 |
|
7 |
|a Information networks.
|2 fast
|0 (OCoLC)fst00972570
|
| 650 |
|
7 |
|a Internet.
|2 fast
|0 (OCoLC)fst00977184
|
| 650 |
|
7 |
|a Internet industry.
|2 fast
|0 (OCoLC)fst00977265
|
| 650 |
|
7 |
|a Telecommunication equipment industry.
|2 fast
|0 (OCoLC)fst01145983
|
| 650 |
|
7 |
|a World Wide Web.
|2 fast
|0 (OCoLC)fst01181326
|
| 655 |
|
0 |
|a Electronic journals.
|
| 776 |
0 |
8 |
|i CD-ROM version:
|t Internet world (Westport, Conn. : 1998 : CD-ROM)
|x 1542-7765
|w (DLC) 2002204144
|w (OCoLC)50673763
|
| 780 |
0 |
0 |
|t Web week
|x 1090-3313
|w (DLC) 97657190
|w (OCoLC)33331920
|
| 850 |
|
|
|a DLC
|a NN
|
| 856 |
4 |
0 |
|z Full text available from Research Library: 08/15/1999 to 06/30/2003
|u https://search.proquest.com/publication/33409
|